El eterno retorno del populismo en Amřica Latina y el Caribe

Detalles Bibliográficos
Autor principal: Pastrana Buelvas, Eduardo
Otros Autores: Mr̀quez Restrepo, Martha Luca̕, Hoyos Vs̀quez, Guillermo
Formato: eBook
Lenguaje:español
Publicado: Bogot:̀ Pontificia Universidad Javeriana, 2012
Materias:
Acceso en línea:Acceso restringido

MARC

LEADER 00000nam a22000007a 4500
005 20201211110834.0
007 cr|||| |||
008 201211s2012 co |||||s|||| 00||0 spa d
020 |a 978-958-716-579-1 
035 |a 32370 
040 |a vLex 
090 |c 10939  |d 10939 
100 1 |a Pastrana Buelvas, Eduardo 
245 1 2 |a El eterno retorno del populismo en Amřica Latina y el Caribe  |h [Recurso electrn̤ico] /  |c Eduardo Pastrana Buelvas, Martha Luca̕ Mr̀quez Restrepo, Guillermo Hoyos Vs̀quez 
256 |a Servicio en ln̕ea 
260 |a Bogot:̀  |b Pontificia Universidad Javeriana,  |c 2012 
300 |a 1 recurso electrn̤ico 
500 |a Este libro ren︢e las ponencias del seminario Nuevas formas de democracia (CLACSO, 2007) y del coloquio Nuevos y viejos populismos (Universidad Javeriana y Goethe Institut, 2008) En total son 23 autores que reflexionan, plantean ideas ter̤icas y hacen estudios de caso especf̕icos relacionados con la democracia, el populismo y el pluralismo en varios pas̕es de Amřica Latina durante el siglo XX y en algunas de las polt̕icas actuales. 
506 1 |a Disponible solo en los productos indicados  |d vLex Global  |d vLex Global (Academic Edition, excluding Law Schools)  |d vLex Global (U.S. Academic Edition, Law Schools)  |d vLex Global (U.S. Academic Edition, excluding Law Schools)  |d vLex Global (Academic Edition, Law Schools) 
650 0 4 |a Ciencias sociales  |z Colombia 
650 0 4 |a Ciencia polt̕ica  |z Colombia 
650 0 4 |a Humanidades  |z Colombia 
700 1 |a Mr̀quez Restrepo, Martha Luca̕ 
700 1 |a Hoyos Vs̀quez, Guillermo 
740 0 |a vLex Libros (Servicio en ln̕ea) 
856 4 0 |u http://vlex.com/source/eterno-retorno-del-populismo-en-america-latina-y-el-caribe-32370  |z Acceso restringido 
942 |c BOOK 
999 0 |a Social Sciences 
999 0 |a Political science 
999 0 |a Humanities